Confesiones

Uloženo v:
Podrobná bibliografie
Hlavní autor: San Agustín de Hipona
Médium: Kniha
Jazyk:španělština
Vydáno: Ciudad de México Porrúa 1977
Vydání:4a. ed
Edice:Colección Sepan Cuántos..., 142
Témata:
Tagy: Přidat tag
Žádné tagy, Buďte první, kdo vytvoří štítek k tomuto záznamu!

MARC

LEADER 00000nam a2200000 a 4500
001 UCZ2666
003 CL-VaPUC
008 951005e19770000MX |||||||||||||||||spa|d
082 0 4 |a 189.2  |b AGU  |2 21 
100 |a San Agustín de Hipona  |x Teólogo y filósofo cristiano   |9 311590 
245 1 0 |a Confesiones 
250 |a 4a. ed 
300 |a 258 p 
942 |c BK 
945 |d 19951005 00:00:00  |a cmena 
260 |a Ciudad de México  |b Porrúa  |c 1977 
600 0 |a Dios  |9 314467 
600 0 |a Jesús  |9 313614 
600 0 7 |a ESPIRITU SANTO  |2 CL-VaPUC  |9 334587 
650 0 |a Vida espiritual  |9 307811 
650 0 |a Teología   |9 258766 
650 0 |a Cristianismo  |9 257361 
650 0 |a Conceptos morales   |9 310606 
650 0 |a Amor  |9 257817 
650 0 |a Amistad  |9 307341 
650 0 |a Neoplatonismo  |9 265877 
650 0 |a Filosofía medieval  |9 256245 
650 0 |a Filosofía cristiana   |9 265980 
583 |a last modification  |c 19951005 00:00:00  |k Rodrigo Vera 
490 0 |a Colección Sepan Cuántos..., 142 
999 |c 239225  |d 239223 
952 |0 0  |1 0  |4 0  |6 189_200000000000000_AGU_1977  |7 0  |8 A  |9 250167  |a BIBARQ  |b BIBARQ  |d 2019-11-18  |i 3223256  |l 1  |o 189.2 AGU 1977  |p 3223256  |r 2025-01-20  |s 2023-03-09  |w 2019-11-18  |y BK  |k ARQ 
952 |0 0  |1 0  |4 0  |6 189_200000000000000_AGU_1977  |7 0  |8 A  |9 250168  |a BIBEDU  |b BIBEDU  |d 2019-11-18  |i 315985K  |l 4  |m 1  |o 189.2 AGU 1977  |p 315985K  |q 2024-08-02  |r 2024-07-03  |s 2024-07-03  |w 2019-11-18  |y BK  |k LIT